00715nam a2200217Ia 450000500170000000800410001702000180005804100120007608200160008810000230010424501200012726000370024730000190028444000530030365000280035665000270038465000160041170000220042770000260044970000220047520260429112027.0260429s9999||||xx |||||||||||||| ||und|| a9783031348761 aEnglish a515.35bBEN aBenchohra, Mouffak 0aFractional differential equations : bnew advancements for generalized fractional derivatives / cMouffak Benchohra aSwitzerland : bSpringer,c2023. axi, 190 p.; hb aSynthesis lectures on mathematics and statistics a Differential equations a Mathematical analysis aMathematics a Karapinar, Erdal a Lazreg, Jamal Eddine a Salim, Abdelkrim